Investigation of thermal properties of thyristor structures based on genetic algorithm / (Rekord nr 1)
| 000 -ETYKIETA REKORDU | |
|---|---|
| podpole kontrolne o stałej długości | 01902naa a2200241 i 4500 |
| 001 - NUMER KONTROLNY REKORDU | |
| podpole kontrolne | 1 |
| 003 - IDENTYFIKATOR NUMERU KONTROLNEGO REKORDU | |
| podpole kontrolne | KOSZ 005 |
| 005 - DATA OSTATNIEJ MODYFIKACJI REKORDU | |
| podpole kontrolne | 20180425121738.0 |
| 008 - POLE O STAŁEJ DŁUGOŚCI - DANE KONTROLNE | |
| podpole kontrolne o stałej długości | 140212s2002 pl f |100 0 eng d |
| 040 ## - ŹRÓDŁO KATALOGOWANIA | |
| Instytucja, która utworzyła rekord | BPK |
| Instytucja, która dokonała modyfikacji | KOSZ 005/HR |
| 080 ## - UNIWERSALNA KLASYFIKACJA DZIESIĘTNA - UKD | |
| UKD | 004.421:621.382.3 |
| 100 1# - NAZWA OSOBOWA | |
| Nazwa osobowa | ARSOBA, Robert. |
| Lata pracy | 1996 - . |
| Instytucja | Politechnika Koszalińska - Wydział Elektroniki, |
| Wydział | Katedra Inżynierii Komputerowej |
| 245 10 - TYTUŁ/ODPOWIEDZIALNOŚĆ | |
| Tytuł | Investigation of thermal properties of thyristor structures based on genetic algorithm / |
| Pozostałe elementy strefy tytułu i oznaczenia odpowiedzialności | Robert Arsoba, Zbigniew Suszyński. |
| 500 ## - UWAGI OGÓLNE | |
| Tekst uwagi | Sprawozdanie jednostki (Informator o publikowanych wynikach prac naukowo-badawczych w 2002 roku Wydziału Elektroniki). |
| 520 ## - UWAGA DOTYCZĄCA TREŚCI DOKUMENTU | |
| Analiza dokumentacyjna, adnotacja itp. | In this paper, novel approach to determination of thermal properties of multilayer structures, such as thyristor ones is presented. The method is based on genetic algorithm and analysis of amplitude and phase contrast characteristics in frequency domain. One-dimensional thermal modelling was used in computations. Measurements were carried out using photoacoustic method. Preliminary experimental results for three-layered thyristor structure are presented. Satisfactory accuracy of thermal properties determined by genetic algorithm was obtained. |
| 650 #0 - HASŁO PRZEDMIOTOWE W FORMIE NAZWY OGÓLNEJ LUB JEDNOSTKOWEJ | |
| Nazwa ogólna lub geograficzna | Tyrystory. |
| 650 #0 - HASŁO PRZEDMIOTOWE W FORMIE NAZWY OGÓLNEJ LUB JEDNOSTKOWEJ | |
| Nazwa ogólna lub geograficzna | Algorytmy genetyczne. |
| 655 #0 - TERMIN INDEKSOWY - OKREŚLENIE RODZAJU/FORMY DOKUMENTU | |
| Określnie rodzaju/formy dokumentu | Materiały konferencyjne. |
| 700 1# - HASŁO DODATKOWE - NAZWA OSOBOWA | |
| Nazwa osobowa | SUSZYŃSKI, Zbigniew. |
| Lata pracy | 1996 - . |
| Instytucja | Politechnika Koszalińska - Wydział Elektroniki, |
| Wydział | Katedra Inżynierii Komputerowej |
| 711 ## - HASŁO DODATKOWE - NAZWA IMPREZY | |
| Nazwa imprezy | International Conference on Signals and Electronic Systems ICSES 2002 |
| Data imprezy | (2002 ; |
| Miejsce imprezy | Wrocław / Świeradów Zdrój, Polska). |
| Nazwa części/sekcji dzieła | ICSES'2002 |
| 773 0# - TYTUŁ DOKUMENTU MACIERZYSTEGO | |
| Wyrażenie wprowadzające | W : |
| Tytuł | ICSES'2002 : proceedings of the International Conference on Signals and Electronic Systems, Wrocław - Świeradów Zdrój, Poland, 24-27 September 2002 / ed. by R. Makowski. - |
| Adres wydawniczy | Wrocław : Wrocławskie Towarzystwo Naukowe, 2002 |
| ISBN | 8373740015 |
| 942 ## - HASŁO DODATKOWE - ELEMENTY(KOHA) | |
| Typ dokumentu | Rozdział |
| Schemat klasyfikacji | Uniwersalna klasyfikacja dziesiętna |
Brak dostępnych egzemplarzy.
